000 00692nam a2200217Ia 4500
001 1268
003 GE_BSU
008 181216s||||||||xx |||||||||||||| ||und||
040 _cGE_BSU
080 _a631.8(075.8)
100 _aონიანი,ო.
245 _aაგროქიმია.
245 _bსახელმძღვანელო სასოფლო სამეურნეო ინსტიტუტის სტუდენტებისათვის.
260 _aთბილისი
260 _bგანათლება.
260 _c1983.
300 _a336 გვ.
541 _h12 ლ.
653 _aაგროქიმია.
942 _cBK
999 _c35413
_d35413